[Event "HUN-ch U20"]
[Site "Szolnok"]
[Date "2024.04.04"]
[Round "7"]
[White "Herczeg, Marcell"]
[Black "Kolimar, Kristof Pal"]
[Result "0-1"]
[WhiteElo "2107"]
[BlackElo "2282"]
[PlyCount "92"]
[EventDate "2024.03.31"]
[EventType "swiss"]
[EventRounds "9"]
[EventCountry "HUN"]
[SourceTitle "CB16_2024"]
[SourceDate "2024.04.17"]
[SourceVersion "1"]
[SourceVersionDate "2024.04.17"]
[SourceQuality "1"]

1. e4 c5 2. Nf3 d6 3. d4 cxd4 4. Nxd4 Nf6 5. Nc3 a6 6. h3 e6 7. g4 Nfd7 8. h4 b5 9. a3 Bb7 10. Be3 Be7 11. Qd2 Nc6 12. g5 0-0 13. Rg1 Nc5 14. f3 Rb8 15. h5 b4 16. axb4 Nxb4 17. g6 Bh4+ 18. Kd1 Bf6 19. Bh3 Qe7 20. Nce2 Nc6 21. gxf7+ Rxf7 22. b4 Nxd4 23. Nxd4 Bxd4 24. Bxd4 e5 25. bxc5 exd4 26. Bf5 dxc5 27. Qh6 Rxf5 28. exf5 Bxf3+ 29. Kc1 Qb7 30. Qe6+ Kh8 31. Qc4 Qc7 32. Qd3 Bxh5 33. Rxa6 Qf4+ 34. Qd2 Qxf5 35. Ra7 Bg6 36. Ra6 Re8 37. Qh2 Kg8 38. Rd6 Qf3 39. Ra6 Qe3+ 40. Kb1 d3 41. Kb2 Qd4+ 42. Kc1 d2+ 43. Kd1 Bh5+ 44. Qxh5 Qxg1+ 45. Kxd2 Qe3+ 46. Kd1 Qe1# 0-1

[Event "HUN-ch U20"]
[Site "Szolnok"]
[Date "2024.04.04"]
[Round "6"]
[White "Kolimar, Kristof Pal"]
[Black "Turcsanyi, Vince Gergo"]
[Result "0-1"]
[WhiteElo "2282"]
[BlackElo "2247"]
[PlyCount "212"]
[EventDate "2024.03.31"]
[EventType "swiss"]
[EventRounds "9"]
[EventCountry "HUN"]
[SourceTitle "CB16_2024"]
[SourceDate "2024.04.17"]
[SourceVersion "1"]
[SourceVersionDate "2024.04.17"]
[SourceQuality "1"]

1. e4 c6 2. d4 d5 3. e5 c5 4. Nf3 cxd4 5. Nxd4 Nc6 6. c4 e6 7. Nc3 a6 8. cxd5 exd5 9. Nxc6 bxc6 10. Bd3 Ne7 11. 0-0 Ng6 12. Qh5 Qh4 13. Qxh4 Nxh4 14. Be3 Bf5 15. Be2 Be6 16. Na4 g6 17. Bc5 Bg7 18. f4 f6 19. Nb6 Rb8 20. Bxa6 fxe5 21. fxe5 Nf5 22. Kh1 Kd8 23. g4 Nh6 24. h3 Nf7 25. Rae1 h5 26. Rf6 Bxf6 27. exf6 Ng5 28. f7 Bxf7 29. Re7 Rxb6 30. Ra7 Rxa6 31. Rxa6 Kd7 32. Ra7+ Ke6 33. Re7+ Kf6 34. Rc7 Ne6 35. Rxc6 Ke5 36. Bd6+ Ke4 37. Kg2 hxg4 38. hxg4 d4 39. Rc1 d3 40. Re1+ Kd5 41. Bg3 Rc8 42. Rd1 Rc2+ 43. Kf3 Kd4 44. Bf2+ Kc4 45. b3+ Kc3 46. Be1+ d2 47. Rxd2 Rxd2 48. Ke3 Kb2 49. Bxd2 Kxa2 50. b4 Kb3 51. Ke4 Kc4 52. Ke5 Nc7 53. Kf6 Be8 54. Ke7 Ba4 55. g5 Nd5+ 56. Kf7 Bc2 57. Ke6 Nxb4 58. Kf6 Nc6 59. Bf4 Kd5 60. Bg3 Bf5 61. Bf4 Ke4 62. Bc1 Nb4 63. Kf7 Kf3 64. Bd2 Nd3 65. Kg7 Kg4 66. Be3 Ne5 67. Kf6 Nc4 68. Bc1 Nd6 69. Kg7 Kh5 70. Kf6 Ne4+ 71. Ke5 Kg4 72. Be3 Nxg5 73. Kf6 Nf3 74. Kg7 Be4 75. Kf6 Bd3 76. Bc1 g5 77. Be3 Kh4 78. Bxg5+ Nxg5 79. Ke5 Kg4 80. Kd4 Bf5 81. Kc3 Kf4 82. Kb2 Ke3 83. Ka1 Kd4 84. Kb2 Ne6 85. Ka1 Nc5 86. Kb2 Bg6 87. Kc1 Ke3 88. Kb2 Kd2 89. Ka1 Kc3 90. Ka2 Nb3 91. Ka3 Bb1 92. Ka4 Nd4 93. Ka3 Nb5+ 94. Ka4 Kc4 95. Ka5 Kc5 96. Ka6 Nd6 97. Ka5 Bc2 98. Ka6 Bb3 99. Ka5 Nb7+ 100. Ka6 Kc6 101. Ka7 Kc7 102. Ka6 Bc4+ 103. Ka7 Nd6 104. Ka8 Bb5 105. Ka7 Nc8+ 106. Ka8 Bc6# 0-1

[Event "HUN-ch U20"]
[Site "Szolnok"]
[Date "2024.04.03"]
[Round "5"]
[White "Kolimar, Kristof Pal"]
[Black "Bodrogi, Bendeguz"]
[Result "1-0"]
[WhiteElo "2282"]
[BlackElo "2316"]
[PlyCount "93"]
[EventDate "2024.03.31"]
[EventType "swiss"]
[EventRounds "9"]
[EventCountry "HUN"]
[SourceTitle "CB16_2024"]
[SourceDate "2024.04.17"]
[SourceVersion "1"]
[SourceVersionDate "2024.04.17"]
[SourceQuality "1"]

1. Nf3 d5 2. d4 e6 3. c4 Nf6 4. g3 Nc6 5. Bg2 Bd6 6. 0-0 0-0 7. b3 dxc4 8. bxc4 e5 9. c5 Be7 10. dxe5 Qxd1 11. Rxd1 Ne4 12. Be3 Bxc5 13. Bxc5 Nxc5 14. Na3 Be6 15. Rac1 Na6 16. Nb5 Bxa2 17. Rd2 Nab4 18. Nxc7 Rad8 19. Rb2 a5 20. Bh3 Rb8 21. e6 fxe6 22. Rxa2 Nxa2 23. Bxe6+ Kh8 24. Bxa2 Rfc8 25. Nd5 b5 26. Ng5 Nd8 27. Rd1 h6 28. Nf3 Nc6 29. Nf4 g5 30. Ne6 a4 31. Bb1 Ra8 32. Rd6 a3 33. Nc5 Ne7 34. Rxh6+ Kg7 35. Rh7+ Kg8 36. Ne6 Rc1+ 37. Kg2 Rxb1 38. Rg7+ Kh8 39. Ne5 Rf8 40. Rxe7 Rf6 41. Re8+ Kh7 42. Nxg5+ Kh6 43. Rg8 Rf5 44. Rg6+ Kh5 45. g4+ Kh4 46. Ngf3+ Rxf3 47. Nxf3# 1-0

[Event "HUN-ch U20"]
[Site "Szolnok"]
[Date "2024.04.02"]
[Round "3"]
[White "Kolimar, Kristof Pal"]
[Black "Szegedy, Matyas"]
[Result "1/2-1/2"]
[WhiteElo "2282"]
[BlackElo "2177"]
[PlyCount "138"]
[EventDate "2024.03.31"]
[EventType "swiss"]
[EventRounds "9"]
[EventCountry "HUN"]
[SourceTitle "CB16_2024"]
[SourceDate "2024.04.17"]
[SourceVersion "1"]
[SourceVersionDate "2024.04.17"]
[SourceQuality "1"]

1. d4 Nf6 2. c4 e6 3. Nc3 c5 4. d5 exd5 5. cxd5 d6 6. g3 g6 7. Bg2 Bg7 8. Nf3 0-0 9. 0-0 Re8 10. Bf4 Na6 11. Re1 Bg4 12. h3 Bxf3 13. Bxf3 Nd7 14. Ne4 Ne5 15. Bg2 Qe7 16. Rc1 b5 17. a4 Rab8 18. axb5 Rxb5 19. Ra1 Nb4 20. Nd2 Reb8 21. Bxe5 Bxe5 22. Nc4 Bg7 23. Qd2 h5 24. h4 Rd8 25. e3 Qd7 26. Kh2 Rb7 27. Ra5 Bh6 28. Bh3 Qe8 29. b3 Qe4 30. Bg2 Qd3 31. Qxd3 Nxd3 32. Re2 Rxb3 33. Rxa7 Rb4 34. Na5 Ra4 35. Nc6 Rxa7 36. Nxa7 Ra8 37. Nb5 Ra6 38. f4 Bg7 39. e4 Rb6 40. Na3 Rb4 41. Rd2 Nc1 42. e5 Nb3 43. Re2 Nd4 44. Re4 Bf8 45. e6 fxe6 46. dxe6 Be7 47. Re3 Kg7 48. Bd5 Rb2+ 49. Kg1 Nf5 50. Rd3 Re2 51. Nc4 Rc2 52. Na3 Re2 53. Nc4 Bf6 54. Kf1 Rc2 55. Rb3 Ne7 56. Rb7 Kg8 57. Nb6 Rb2 58. Nd7 Rxb7 59. Nxf6+ Kg7 60. Nxh5+ gxh5 61. Bxb7 d5 62. Kf2 Kf6 63. g4 hxg4 64. Kg3 Kxe6 65. Kxg4 Kf6 66. h5 c4 67. Kf3 Kg7 68. f5 c3 69. Ke2 Nxf5 1/2-1/2

[Event "HUN-ch U20"]
[Site "Szolnok"]
[Date "2024.04.02"]
[Round "2"]
[White "Panda, Barnabas"]
[Black "Kolimar, Kristof Pal"]
[Result "0-1"]
[WhiteElo "2066"]
[BlackElo "2282"]
[PlyCount "82"]
[EventDate "2024.03.31"]
[EventType "swiss"]
[EventRounds "9"]
[EventCountry "HUN"]
[SourceTitle "CB16_2024"]
[SourceDate "2024.04.17"]
[SourceVersion "1"]
[SourceVersionDate "2024.04.17"]
[SourceQuality "1"]

1. c4 Nf6 2. g3 g6 3. b3 Bg7 4. Bb2 0-0 5. Bg2 d6 6. d4 Nfd7 7. Nf3 Nc6 8. 0-0 e5 9. dxe5 dxe5 10. Nfd2 f5 11. e4 f4 12. Bh3 Nf6 13. Bxc8 Qxc8 14. Kg2 Nd4 15. Nc3 c6 16. f3 Rd8 17. Rc1 fxg3 18. hxg3 Bh6 19. Ncb1 Qe6 20. Qe1 Nh5 21. Qf2 Bf4 22. g4 Bxd2 23. gxh5 Bxc1 24. Bxc1 Rf8 25. Qh4 gxh5 26. Qxh5 Qg6+ 27. Qxg6+ hxg6 28. Be3 Rad8 29. Nc3 b6 30. Rf2 Ne6 31. Ne2 Rd3 32. Bc1 Nd4 33. Nxd4 exd4 34. Bd2 c5 35. f4 a5 36. e5 Kf7 37. f5 gxf5 38. Rxf5+ Ke8 39. Rxf8+ Kxf8 40. Bg5 Ke8 41. e6 a4 0-1

[Event "HUN-ch U20"]
[Site "Budapest"]
[Date "2024.03.18"]
[Round "8"]
[White "Kolimar, Kristof Pal"]
[Black "Tancsa, Tamas"]
[Result "1/2-1/2"]
[WhiteElo "2282"]
[BlackElo "2273"]
[PlyCount "122"]
[EventDate "2024.03.11"]
[EventType "tourn"]
[EventRounds "9"]
[EventCountry "HUN"]
[EventCategory "4"]
[SourceTitle "CB13_2024"]
[SourceDate "2024.03.27"]
[SourceVersion "1"]
[SourceVersionDate "2024.03.27"]
[SourceQuality "1"]

1. d4 Nf6 2. c4 e6 3. g3 Bb4+ 4. Bd2 c5 5. Bxb4 cxb4 6. Bg2 0-0 7. e3 d6 8. Ne2 e5 9. 0-0 Nc6 10. a3 Qc7 11. h3 Rd8 12. axb4 Nxb4 13. Qb3 a5 14. Na3 Be6 15. Rfc1 Rac8 16. Qd1 b6 17. g4 Qe7 18. d5 Bd7 19. Ng3 h6 20. Rc3 Rc5 21. Nb1 Rdc8 22. Nd2 g6 23. Bf1 Kh7 24. Qf3 Rf8 25. Nde4 Nxe4 26. Nxe4 Rc7 27. Qf6 Qxf6 28. Nxf6+ Kg7 29. Ne4 f5 30. Nxd6 Rf6 31. Nb5 Bxb5 32. cxb5 Rd7 33. Rac1 Rfd6 34. Rc8 Nxd5 35. Rb8 Ne7 36. Bc4 e4 37. b3 Rc7 38. gxf5 gxf5 39. Kh2 Ng6 40. Rg1 Kf6 41. Rg8 Rg7 42. Re8 Rgd7 43. Rg3 Rd8 44. Rxd8 Rxd8 45. f4 Rd2+ 46. Rg2 Rxg2+ 47. Kxg2 h5 48. Kf2 h4 49. Ke2 Ke7 50. Kd2 Kd6 51. Kc3 Kc5 52. Be6 Ne7 53. Bd7 Kd6 54. Be8 Kc5 55. Bd7 Kd5 56. Be8 Nc8 57. Bd7 Nd6 58. Kc2 Kc5 59. Kd2 Kb4 60. Kc2 Ka3 61. Kc3 Ka2 1/2-1/2

[Event "Budapest SixDays 01 IM-B"]
[Site "Budapest"]
[Date "2024.01.31"]
[Round "7"]
[White "Kolimar, Kristof Pal"]
[Black "Ihnat, Marek1"]
[Result "1/2-1/2"]
[WhiteElo "2304"]
[BlackElo "2111"]
[PlyCount "126"]
[EventDate "2024.01.27"]
[EventType "tourn"]
[EventRounds "9"]
[EventCountry "HUN"]
[SourceTitle "CB06_2024"]
[SourceDate "2024.02.07"]
[SourceVersion "1"]
[SourceVersionDate "2024.02.07"]
[SourceQuality "1"]

1. Nf3 Nf6 2. c4 g6 3. Nc3 d5 4. cxd5 Nxd5 5. h4 h5 6. Qb3 Nb6 7. d4 Bg7 8. Bf4 Be6 9. Qd1 Nc6 10. e3 0-0 11. Be2 Bg4 12. Bg3 e6 13. Ng5 Bxe2 14. Qxe2 e5 15. dxe5 Nxe5 16. Rd1 Qe7 17. 0-0 c6 18. Rd4 Rfe8 19. Rfd1 Rad8 20. Nge4 Rxd4 21. Rxd4 Ng4 22. Rd1 Nd5 23. Nxd5 Qxe4 24. Nc3 Qe7 25. Qd3 Bf6 26. Qd7 Rd8 27. Qxd8+ Qxd8 28. Rxd8+ Bxd8 29. Kf1 Bf6 30. Ke2 Kf8 31. f3 Be5 32. Be1 Nf6 33. e4 Ke7 34. Bf2 a6 35. Kd3 Nd7 36. b3 Bc7 37. Na4 b5 38. Nc3 Bb6 39. Bxb6 Nxb6 40. Kd4 Nd7 41. b4 Kd6 42. a4 Ke6 43. f4 f6 44. axb5 axb5 45. Nd1 Kd6 46. Ne3 c5+ 47. Kc3 Nb6 48. f5 cxb4+ 49. Kxb4 gxf5 50. Nxf5+ Ke5 51. Ng3 Nd7 52. Kxb5 Kf4 53. Nxh5+ Kxe4 54. Kc6 Ne5+ 55. Kd6 Kf5 56. Ng7+ Kg6 57. Ne8 Ng4 58. Ke6 Ne3 59. g3 Nf1 60. g4 Ne3 61. Nxf6 Nxg4 62. Nxg4 Kh5 63. Nh6 Kxh4 1/2-1/2

[Event "Budapest Vezerkepzo IM Christmas"]
[Site "Budapest"]
[Date "2024.01.02"]
[Round "8"]
[White "Kolimar, Kristof Pal"]
[Black "Chubakov, Sultan"]
[Result "1-0"]
[WhiteElo "2298"]
[BlackElo "2073"]
[PlyCount "63"]
[EventDate "2023.12.26"]
[EventType "tourn"]
[EventRounds "9"]
[EventCountry "HUN"]
[SourceTitle "CB02_2024"]
[SourceDate "2024.01.10"]
[SourceVersion "1"]
[SourceVersionDate "2024.01.10"]
[SourceQuality "1"]

1. d4 d5 2. Nf3 Nf6 3. c4 c6 4. g3 dxc4 5. Bg2 b5 6. a4 Bb7 7. Ne5 a6 8. b3 cxb3 9. Qxb3 e6 10. Bb2 Be7 11. 0-0 0-0 12. Nd2 Nfd7 13. Nd3 Qb6 14. Ne4 a5 15. Nec5 b4 16. Rac1 Rd8 17. Rfd1 Bc8 18. h4 Ra7 19. h5 h6 20. Nxe6 fxe6 21. Qxe6+ Kf8 22. Nf4 Nf6 23. Rxc6 Qb7 24. Qc4 Nxc6 25. Bxc6 Qxc6 26. Qxc6 Bd7 27. Ne6+ Kg8 28. Qc4 Rc8 29. Qb3 Kh8 30. d5 Nxh5 31. Qe3 Bf6 32. Bxf6 1-0

[Event "Budapest Vezerkepzo IM Christmas"]
[Site "Budapest"]
[Date "2023.12.31"]
[Round "6"]
[White "Kolimar, Kristof Pal"]
[Black "Mohammad, Nubairshah Shaikh"]
[Result "0-1"]
[WhiteElo "2298"]
[BlackElo "2434"]
[PlyCount "88"]
[EventDate "2023.12.26"]
[EventType "tourn"]
[EventRounds "9"]
[EventCountry "HUN"]
[SourceTitle "CB02_2024"]
[SourceDate "2024.01.10"]
[SourceVersion "1"]
[SourceVersionDate "2024.01.10"]
[SourceQuality "1"]

1. d4 Nf6 2. c4 d6 3. Nf3 g6 4. g3 Bf5 5. Nc3 Qc8 6. h3 Bg7 7. g4 Bd7 8. e4 e5 9. d5 a5 10. Be3 Na6 11. Nd2 h5 12. g5 Nh7 13. h4 0-0 14. Rg1 f6 15. gxf6 Rxf6 16. Be2 Qf8 17. Qc2 Bh6 18. 0-0-0 Bxe3 19. fxe3 Qh6 20. Rg3 Kf7 21. Rdg1 Ke7 22. Qd1 Raf8 23. Kb1 Nc5 24. R1g2 R8f7 25. Qg1 Nf8 26. Nf3 Bg4 27. Nh2 Bxe2 28. Rxe2 Nfd7 29. Qg2 Nd3 30. Nd1 N7c5 31. Rd2 Kf8 32. Rh3 Kg8 33. Qe2 Nb4 34. a3 Nba6 35. Qg2 Qf8 36. Rg3 Kh7 37. Re2 Nd3 38. Kc2 Nac5 39. b3 c6 40. Kc3 Nf2 41. Nxf2 Rxf2 42. Rxf2 Rxf2 43. Qh1 cxd5 44. cxd5 Qc8 0-1

[Event "Budapest Vezerkepzo IM Christmas"]
[Site "Budapest"]
[Date "2023.12.28"]
[Round "3"]
[White "Kolimar, Kristof Pal"]
[Black "Pandey, Srishti"]
[Result "1/2-1/2"]
[WhiteElo "2298"]
[BlackElo "2195"]
[PlyCount "139"]
[EventDate "2023.12.26"]
[EventType "tourn"]
[EventRounds "9"]
[EventCountry "HUN"]
[SourceTitle "CB02_2024"]
[SourceDate "2024.01.10"]
[SourceVersion "1"]
[SourceVersionDate "2024.01.10"]
[SourceQuality "1"]

1. d4 Nf6 2. Nf3 g6 3. c4 Bg7 4. g3 0-0 5. Bg2 d6 6. Nc3 Nc6 7. 0-0 e5 8. dxe5 dxe5 9. Bg5 Be6 10. Qc1 Qe8 11. Rd1 Nd7 12. b3 f5 13. Nd5 Rc8 14. Bh6 e4 15. Bxg7 Kxg7 16. Qc3+ Nf6 17. Ng5 Bg8 18. f3 h6 19. Nh3 exf3 20. exf3 Qe5 21. Qxe5 Nxe5 22. f4 Nxd5 23. fxe5 Ne3 24. Bxb7 Rce8 25. Rd7+ Rf7 26. Rxf7+ Bxf7 27. Re1 Rxe5 28. Nf4 Kf6 29. Nd3 Re7 30. Bf3 a5 31. Nc5 g5 32. Kf2 f4 33. gxf4 gxf4 34. Rg1 Bg6 35. Bc6 Bh5 36. Bf3 Bg6 37. Be2 Nf5 38. Bd3 Re3 39. Nd7+ Kf7 40. Re1 Rxe1 41. Kxe1 Nh4 42. Bxg6+ Nxg6 43. Nc5 Ne5 44. Nb7 Ke6 45. Nxa5 Kf5 46. c5 Ke4 47. Nc4 Nxc4 48. bxc4 Kd4 49. c6 Kxc4 50. Ke2 Kb5 51. Kf3 Kxc6 52. Kxf4 Kb5 53. Ke4 h5 54. Kd3 Kb4 55. Kc2 h4 56. h3 Kc4 57. Kd2 Kb4 58. Kc2 Ka3 59. Kb1 Ka4 60. Kb2 Kb4 61. a3+ Ka4 62. Ka2 c5 63. Kb2 c4 64. Kc3 Kxa3 65. Kxc4 Ka4 66. Kc3 Kb5 67. Kd4 Kc6 68. Ke5 Kd7 69. Kf6 Ke8 70. Kg5 1/2-1/2

[Event "Budapest Vezerkepzo Fall IM"]
[Site "Budapest"]
[Date "2023.11.01"]
[Round "5"]
[White "Ongut, Tamas Gunes"]
[Black "Kolimar, Kristof Pal"]
[Result "1/2-1/2"]
[WhiteElo "2295"]
[BlackElo "2264"]
[PlyCount "37"]
[EventDate "2023.10.30"]
[EventType "tourn"]
[EventRounds "9"]
[EventCountry "HUN"]
[SourceTitle "Mega2024 Update 01"]
[Source "Chessbase"]
[SourceDate "2023.11.12"]
[SourceVersion "1"]
[SourceVersionDate "2023.11.12"]
[SourceQuality "1"]

1. d4 Nf6 2. c4 e6 3. Nc3 Bb4 4. e3 b6 5. Nge2 Ne4 6. Bd2 Nxd2 7. Qxd2 0-0 8. a3 Be7 9. Nf4 d6 10. Bd3 Bb7 11. Qc2 h6 12. 0-0-0 Nd7 13. Kb1 Nf6 14. f3 a6 15. h4 c5 16. Rhg1 cxd4 17. exd4 d5 18. cxd5 Nxd5 19. Nfxd5 1/2-1/2

[Event "Budapest Vezerkepzo Fall IM"]
[Site "Budapest"]
[Date "2023.10.31"]
[Round "2"]
[White "Pandey, Srishti"]
[Black "Kolimar, Kristof Pal"]
[Result "0-1"]
[WhiteElo "2133"]
[BlackElo "2264"]
[PlyCount "110"]
[EventDate "2023.10.30"]
[EventType "tourn"]
[EventRounds "9"]
[EventCountry "HUN"]
[SourceTitle "Mega2024 Update 01"]
[Source "Chessbase"]
[SourceDate "2023.11.12"]
[SourceVersion "1"]
[SourceVersionDate "2023.11.12"]
[SourceQuality "1"]

1. e4 c5 2. Nf3 d6 3. d4 cxd4 4. Nxd4 Nf6 5. Nc3 a6 6. f3 e6 7. Be3 b5 8. Qd2 b4 9. Na4 Nbd7 10. Bc4 Ne5 11. Bb3 Rb8 12. 0-0 Bd7 13. a3 a5 14. axb4 axb4 15. Qf2 Be7 16. h3 Qc7 17. Rfd1 0-0 18. Qe2 Rfc8 19. Bf2 Nh5 20. Qe3 Nc4 21. Qc1 h6 22. Ne2 Bb5 23. g4 Nf6 24. Nd4 Bd7 25. Kg2 d5 26. Bxc4 dxc4 27. Bg3 e5 28. Nf5 Bxf5 29. exf5 Rb5 30. Qe3 Qc6 31. Bf2 e4 32. b3 c3 33. Rd4 Re8 34. fxe4 Re5 35. Qf3 Bf8 36. Re1 Rxe4 37. Re3 R8e7 38. Nc5 Qxc5 39. Rdxe4 Nxe4 40. Rxe4 Qd6 41. Rd4 Qb8 42. Bg3 Qe8 43. Bf2 Re2 44. Qd3 Rd2 45. Qc4 Rxc2 46. Re4 Qa8 47. Kf3 Rd2 48. Be3 Rd8 49. Kg3 Bd6+ 50. Kh4 Re8 51. Rxe8+ Qxe8 52. Qd3 Qe5 53. Bd4 Qe1+ 54. Kh5 Be7 55. f6 g6+ 0-1

[Event "Budapest Vezerkepzo Fall IM"]
[Site "Budapest"]
[Date "2023.10.30"]
[Round "1"]
[White "Kolimar, Kristof Pal"]
[Black "Anishka, Vikram"]
[Result "1-0"]
[WhiteElo "2264"]
[BlackElo "1712"]
[PlyCount "87"]
[EventDate "2023.10.30"]
[EventType "tourn"]
[EventRounds "9"]
[EventCountry "HUN"]
[SourceTitle "Mega2024 Update 01"]
[Source "Chessbase"]
[SourceDate "2023.11.12"]
[SourceVersion "1"]
[SourceVersionDate "2023.11.12"]
[SourceQuality "1"]

1. Nf3 d5 2. g3 Nf6 3. Bg2 e6 4. 0-0 Be7 5. c4 0-0 6. d4 c6 7. Qc2 b6 8. Nbd2 Bb7 9. e4 Na6 10. a3 c5 11. exd5 exd5 12. dxc5 Nxc5 13. b4 Ne6 14. Bb2 a5 15. b5 dxc4 16. Nxc4 Be4 17. Qd1 Qc7 18. Nfe5 Rad8 19. Qc1 Bxg2 20. Kxg2 Nd4 21. Bxd4 Rxd4 22. Nc6 Rd5 23. Qf4 Qb7 24. a4 Bc5 25. Rad1 h6 26. Qf3 Qd7 27. Nxb6 Bxb6 28. Rxd5 Nxd5 29. Rd1 Ne3+ 30. fxe3 Qe6 31. Rd2 Re8 32. Nd4 Bxd4 33. exd4 Qc4 34. Rf2 Rf8 35. b6 Qxd4 36. Qc6 Rb8 37. b7 Qd8 38. h4 f6 39. Rc2 Kh7 40. Qe4+ Kg8 41. Qe6+ Kh7 42. Rc8 Qd2+ 43. Kh3 Rxb7 44. Qe4+ 1-0

[Event "World ol U16"]
[Site "Eindhoven"]
[Date "2023.08.18"]
[Round "9.6"]
[White "Kolimar, Kristof Pal"]
[Black "Harsh, Suresh"]
[Result "1/2-1/2"]
[WhiteElo "2264"]
[BlackElo "2324"]
[PlyCount "164"]
[EventDate "2023.08.13"]
[EventType "team-swiss"]
[EventRounds "9"]
[EventCountry "NED"]
[SourceTitle "CBM 215 Extra"]
[Source "ChessBase"]
[SourceDate "2023.09.30"]
[SourceVersion "1"]
[SourceVersionDate "2023.09.30"]
[SourceQuality "1"]
[WhiteTeam "Hungary"]
[BlackTeam "India"]
[WhiteTeamCountry "HUN"]
[BlackTeamCountry "IND"]

1. Nf3 d5 2. c4 c6 3. d4 Nf6 4. g3 g6 5. Bg2 Bg7 6. cxd5 cxd5 7. Nc3 0-0 8. Ne5 Nc6 9. 0-0 h5 10. Bf4 h4 11. Rc1 h3 12. Bf3 Be6 13. Nxc6 bxc6 14. Na4 Rc8 15. Nc5 Bf5 16. Qa4 Nd7 17. Nxd7 Bxd7 18. Qb4 Re8 19. Rfd1 Qb6 20. Qd2 a5 21. b3 Ra8 22. Qc3 a4 23. b4 a3 24. Rb1 Ra4 25. e4 Be6 26. exd5 cxd5 27. Qc5 Qb7 28. Qc7 Qxc7 29. Bxc7 Bf5 30. Bxd5 Bxb1 31. Rxb1 Rc8 32. Bc6 Rxb4 33. Rxb4 Rxc7 34. d5 e6 35. Rb7 Rc8 36. Ra7 exd5 37. Ra8 Rxa8 38. Bxa8 d4 39. Be4 f5 40. Bd3 Kf7 41. Bf1 Ke6 42. Bxh3 Kd5 43. Bf1 Ke4 44. Ba6 g5 45. h3 f4 46. Kf1 fxg3 47. fxg3 Kf3 48. g4 Be5 49. Ke1 Ke3 50. Kd1 d3 51. Bb5 Bf4 52. Ba6 Kd4 53. Bb5 Kc3 54. Ba6 d2 55. Bc8 Kd3 56. Ba6+ Ke3 57. Bc8 Kf2 58. Be6 Kg2 59. Bd7 Kxh3 60. Be6 Kg2 61. Bd7 Kf3 62. Be6 Ke4 63. Bc8 Kd5 64. Kc2 Kd4 65. Be6 Ke3 66. Kd1 Be5 67. Bf5 Bb2 68. Be6 Bc1 69. Bf5 Kf4 70. Be6 Ke4 71. Bf5+ Ke5 72. Bc8 Kd4 73. Be6 Kc3 74. Bf7 Kd3 75. Be6 Ke3 76. Bf5 Bb2 77. Be6 Be5 78. Bf5 Bf4 79. Bd7 Kd4 80. Be6 Ke5 81. Bc8 Kd5 82. Bf5 Ke5 1/2-1/2

[Event "World ol U16"]
[Site "Eindhoven"]
[Date "2023.08.14"]
[Round "3.1"]
[White "Kolimar, Kristof Pal"]
[Black "Mamedov, Edgar"]
[Result "1-0"]
[WhiteElo "2264"]
[BlackElo "2239"]
[PlyCount "105"]
[EventDate "2023.08.13"]
[EventType "team-swiss"]
[EventRounds "9"]
[EventCountry "NED"]
[SourceTitle "CBM 215 Extra"]
[Source "ChessBase"]
[SourceDate "2023.09.30"]
[SourceVersion "1"]
[SourceVersionDate "2023.09.30"]
[SourceQuality "1"]
[WhiteTeam "Hungary"]
[BlackTeam "Kazakhstan"]
[WhiteTeamCountry "HUN"]
[BlackTeamCountry "KAZ"]

1. d4 d5 2. Nf3 Nf6 3. c4 c6 4. g3 Bf5 5. Nc3 e6 6. Nh4 dxc4 7. Nxf5 exf5 8. e3 Nbd7 9. Bxc4 Nb6 10. Bb3 Qd7 11. Bd2 Be7 12. f3 0-0 13. 0-0 Rad8 14. Ne2 c5 15. Rc1 cxd4 16. Nxd4 Nfd5 17. Qc2 g6 18. Rfd1 Bf6 19. Ne2 Qe7 20. e4 fxe4 21. fxe4 Rfe8 22. exd5 Qxe2 23. Bf4 Qf3 24. Qf2 Qxf2+ 25. Kxf2 Bxb2 26. Rc7 Be5 27. d6 Bxf4 28. Bxf7+ Kf8 29. gxf4 Re4 30. Kf3 Ra4 31. Bb3 Ra3 32. Rf7+ Kg8 33. Rxb7+ Kh8 34. Kg4 Nd7 35. Rc1 Ra5 36. Rcc7 Nf6+ 37. Kf3 Rh5 38. Rf7 Ng8 39. d7 Rxh2 40. Rc7 Rd2 41. Be6 Rb2 42. Rxa7 Rb6 43. Bh3 Rd6 44. Rc7 Ra6 45. Rc8 Ra8 46. a4 Rb8 47. a5 Rb3+ 48. Ke2 Rb8 49. a6 Ra8 50. a7 h6 51. Rxa8 Rxa8 52. Be6 h5 53. Bd5 1-0

[Event "HUN-ch U16/18"]
[Site "Buek"]
[Date "2023.06.22"]
[Round "4"]
[White "Turcsanyi, Vince Gergo"]
[Black "Kolimar, Kristof Pal"]
[Result "1/2-1/2"]
[WhiteElo "2234"]
[BlackElo "2310"]
[PlyCount "94"]
[EventDate "2023.06.17"]
[EventType "swiss"]
[EventRounds "9"]
[EventCountry "HUN"]
[SourceTitle "CBM 215 Extra"]
[Source "ChessBase"]
[SourceDate "2023.09.30"]
[SourceVersion "1"]
[SourceVersionDate "2023.09.30"]
[SourceQuality "1"]

1. c4 e6 2. Nf3 Nf6 3. e3 d5 4. Nc3 dxc4 5. Bxc4 a6 6. d4 c5 7. 0-0 b5 8. Be2 Nbd7 9. b3 Bb7 10. Bb2 Be7 11. dxc5 Nxc5 12. b4 Qxd1 13. Rfxd1 Ncd7 14. a3 Rc8 15. Rac1 0-0 16. Nd4 Rc7 17. Nb3 Rfc8 18. f3 Nb6 19. e4 Nfd7 20. Na2 Bg5 21. Rxc7 Rxc7 22. Bd3 Na4 23. Bc1 Be7 24. Na5 Bc8 25. Kf1 e5 26. Be3 Ndb6 27. Rc1 Bd6 28. Rxc7 Bxc7 29. Ke2 Kf8 30. Kd2 Be6 31. Nc1 Nb2 32. Kc2 N6a4 33. Ncb3 Nxd3 34. Kxd3 Bxb3 35. Nxb3 Nb2+ 36. Kc3 Nc4 37. Bc5+ Ke8 38. a4 Kd7 39. axb5 axb5 40. Nd2 Nb6 41. Bxb6 Bxb6 42. Kd3 h5 43. h3 h4 44. Nf1 Ke6 45. Nd2 Bc7 46. Nb1 Bd6 47. Nc3 Bxb4 1/2-1/2

[Event "HUN-ch U16/18"]
[Site "Buek"]
[Date "2023.06.19"]
[Round "1"]
[White "Kolimar, Kristof Pal"]
[Black "Bodrogi, Bendeguz"]
[Result "1/2-1/2"]
[WhiteElo "2310"]
[BlackElo "2113"]
[PlyCount "99"]
[EventDate "2023.06.17"]
[EventType "swiss"]
[EventRounds "9"]
[EventCountry "HUN"]
[SourceTitle "CBM 215 Extra"]
[Source "ChessBase"]
[SourceDate "2023.09.30"]
[SourceVersion "1"]
[SourceVersionDate "2023.09.30"]
[SourceQuality "1"]

1. Nf3 d5 2. d4 e6 3. g3 b6 4. Bg2 Bb7 5. 0-0 Nd7 6. c4 dxc4 7. Qa4 a6 8. Qxc4 Ngf6 9. Qc2 c5 10. Nc3 cxd4 11. Nxd4 Bxg2 12. Kxg2 Bc5 13. Rd1 0-0 14. e4 Qc7 15. Qe2 Qb7 16. f3 Rfd8 17. Be3 Rac8 18. Nc2 Bxe3 19. Nxe3 b5 20. Rd4 Nc5 21. Rad1 Rxd4 22. Rxd4 b4 23. Ncd1 e5 24. Rd2 Ne6 25. Nf5 Ne8 26. Nde3 g6 27. Nd6 Nxd6 28. Rxd6 a5 29. Nc4 Nd4 30. Qd3 Qc7 31. b3 a4 32. Rd5 f6 33. Qd2 axb3 34. axb3 Nxb3 35. Qxb4 Nd4 36. Nd2 Rb8 37. Qc4 Qxc4 38. Nxc4 Rb3 39. Rd8+ Kf7 40. Rd7+ Ke6 41. Ra7 Rc3 42. Ra6+ Ke7 43. Nb6 Rc2+ 44. Kh3 Nxf3 45. Nd5+ Ke8 46. Ra8+ Kf7 47. Ra7+ Kf8 48. Ra8+ Kg7 49. Ra7+ Kf8 50. Ra8+ 1/2-1/2